| 000 | 01797nam0a22002891 4500 | ||
|---|---|---|---|
| 001 | rc\3737005 | ||
| 005 | 20250610065959.0 | ||
| 021 |
_aRU _b[69-65252] |
||
| 035 | _a(NLR Aleph) 007782305 | ||
| 090 |
_a7582571 _c7582571 |
||
| 100 | _a20130115d1969 |||y0rusy50 ca | ||
| 101 | 0 | _arus | |
| 102 | _aRU | ||
| 105 | _aa z |||a| | ||
| 200 | 1 |
_aМать-мачеха _eРоман _eРассказы _f[Вступ. статья Б. Леонова, с. 5-22 _gИл.: В. Саксон |
|
| 210 |
_aМосква _cМоск. рабочий _d1969] |
||
| 215 |
_a487 с. _cил. _d21 |
||
| 327 | 0 | _aСодерж.: Мать-мачеха: Роман; Рассказы: Каравай заварного хлеба; Свидание в Вязниках; Мошенники; Обида; Серафима; И звезда с звездою говорит...; На лыжне; "Наша дама"; Характер; Ножичек с костяной ручкой и др. | |
| 464 | 0 |
_12001#$aМать-мачеха$eРоман$aКаравай заварного хлеба$eРассказ$aСвидание в Вязниках$eРассказ$aМошенники$eРассказ$aОбида$eРассказ$aСерафима$eРассказ$aИ звезда с звездою говорит...$eРассказ$aНа лыжне$eРассказ$a"Наша дама"$eРассказ$aХарактер$eРассказ$aНожичек с костяной ручкой$eРассказ _tНожичек с костяной ручкой |
|
| 700 | 1 |
_aСолоухин _bВ.А. _f1924-1997 _gВладимир Алексеевич |
|
| 702 | 1 |
_aЛеонов _bБ. _4080 |
|
| 702 | 1 |
_aСаксон _bВ. _4440 |
|
| 801 | 0 |
_aRU _bNLR _gpsbo |
|
| 801 | 1 |
_aRU _bELAR _2rusmarc |
|
| 852 |
_aNLR _j69-5/3866 |
||
| 942 | _cBOOK | ||
| 980 | _aNB | ||